[Event "39th olm final"]
[Site "Khanty-Mansiysk"]
[Date "2010.09.21"]
[Round "1.3"]
[White "Kuan, Julian"]
[Black "Antonsen, Mikkel"]
[Result "0-1"]
[WhiteElo "1760"]
[BlackElo "2471"]
[EventDate "2010.09.20"]
[WhiteTeam "Hong Kong"]
[BlackTeam "Denmark"]
[PlyCount "76"]

1.e4 e5 2.d4 exd4 3.c3 d5 4.exd5 Qxd5 5.cxd4 Nc6 6.Be3 Bb4+ 7.Nc3 Qa5 8.
Qc2 Nf6 9.Bd3 Be7 10.Ne2 Nb4 11.Qd1 Nxd3+ 12.Qxd3 O-O 13.Ng3 c6 14.O-O Re8
15.a3 h6 16.Rfe1 Be6 17.b4 Qd8 18.Nf5 Bf8 19.Red1 Nd5 20.Ng3 a5 21.bxa5
Qxa5 22.Nce4 b6 23.Rdc1 Rec8 24.Nd2 Qa6 25.Qc2 c5 26.dxc5 Nxe3 27.fxe3
Bxc5 28.Qe4 Rd8 29.Ndf1 Qd3 30.a4 Bf8 31.Rc6 Qxe4 32.Nxe4 Bd5 33.Rxb6 Bxe4
34.a5 Rd6 35.Rb3 Rd3 36.Rb2 Ra3 37.Rxa3 Bxa3 38.Rb5 Bf8 0-1

[Event "39th olm final"]
[Site "Khanty-Mansiysk"]
[Date "2010.09.23"]
[Round "3.1"]
[White "Berg, Emanuel"]
[Black "Hansen, Sune Berg"]
[Result "1/2-1/2"]
[WhiteElo "2616"]
[BlackElo "2595"]
[EventDate "2010.09.20"]
[WhiteTeam "Sweden"]
[BlackTeam "Denmark"]
[PlyCount "179"]

1.e4 e5 2.Nf3 Nc6 3.Bb5 a6 4.Ba4 Nf6 5.O-O Be7 6.Re1 b5 7.Bb3 O-O 8.d3 d6
9.c3 Na5 10.Bc2 c5 11.Nbd2 Nc6 12.Nf1 Re8 13.Ng3 h6 14.h3 Be6 15.d4 cxd4
16.cxd4 exd4 17.Nxd4 Nxd4 18.Qxd4 Rc8 19.Bb3 Bxb3 20.axb3 d5 21.e5 Bc5 22.
Qf4 Ne4 23.Nxe4 dxe4 24.Qxe4 Qd4 25.Qxd4 Bxd4 26.Be3 Bxe5 27.Rxa6 Bxb2 28.
Rd1 Red8 29.Rxd8+ Rxd8 30.Rb6 Rd1+ 31.Kh2 Rd5 32.Kg3 f5 33.Kf3 Bf6 34.b4
Be7 35.Bc5 Bxc5 36.Rxb5 Rd3+ 37.Ke2 Rb3 38.Rxc5 Rxb4 39.Rxf5 g6 40.Rd5 Kf7
41.Kf3 Ra4 42.Kg3 Rb4 43.Rd7+ Kf6 44.Rd6+ Kf7 45.Rd7+ Kf6 46.Rd6+ Kf7 47.
f4 Kg7 48.Kg4 Rb2 49.Kf3 Rb3+ 50.Ke2 Rg3 51.Kf2 Ra3 52.Re6 Rb3 53.Re3 Rb2+
54.Kf3 h5 55.Rc3 Ra2 56.Rb3 Kf6 57.Rb6+ Kg7 58.Rb7+ Kf6 59.Rb6+ Kg7 60.Rb3
Kf6 61.Kg3 Kg7 62.Rd3 Kf6 63.Kf3 Rb2 64.Rd6+ Kg7 65.Rd7+ Kf6 66.Rd6+ Kg7
67.Rd7+ Kf6 68.g4 Ke6 69.Rg7 Rb3+ 70.Ke4 Rb4+ 71.Kf3 Rb3+ 72.Kg2 Kf6 73.
Rc7 hxg4 74.hxg4 Ke6 75.Rh7 Kf6 76.Rh3 Rb2+ 77.Kg3 Rb3+ 78.Kh4 Rb1 79.Ra3
Rh1+ 80.Kg3 Rg1+ 81.Kf3 Rf1+ 82.Ke4 Re1+ 83.Re3 Rg1 84.g5+ Kf7 85.Ke5 Ra1
86.Rd3 Re1+ 87.Kd5 Rf1 88.Rd4 Ra1 89.Ke5 Re1+ 90.Re4 1/2-1/2

[Event "39th olm final"]
[Site "Khanty-Mansiysk"]
[Date "2010.09.23"]
[Round "3.2"]
[White "Rasmussen, Allan Stig"]
[Black "Agrest, Evgenij"]
[Result "1/2-1/2"]
[WhiteElo "2530"]
[BlackElo "2585"]
[EventDate "2010.09.20"]
[WhiteTeam "Denmark"]
[BlackTeam "Sweden"]
[PlyCount "78"]

1.e4 c6 2.d4 d5 3.e5 Bf5 4.Nd2 e6 5.Nb3 Nd7 6.Nf3 Ne7 7.Be2 Nc8 8.a4 a6 9.
Be3 Be7 10.O-O Qc7 11.a5 O-O 12.c4 dxc4 13.Bxc4 Na7 14.Bd3 Bxd3 15.Qxd3
Rfd8 16.Qe4 Nf8 17.Nbd2 Rd5 18.Nc4 Re8 19.Qg4 Nb5 20.h4 f5 21.exf6 Bxf6
22.Rfe1 Qe7 23.Ra4 Nd7 24.Bg5 Nd6 25.Nce5 Bxg5 26.Nxg5 Nf6 27.Qf4 Nf5 28.
Nd3 Qd6 29.Qxd6 Rxd6 30.Nc5 Nxd4 31.Nxb7 Rd5 32.Rc4 Nd7 33.Ne4 Ne5 34.Rc3
Rb8 35.Nec5 Nf7 36.b4 e5 37.Kh2 h5 38.Rg3 Kh7 39.Rd3 Nh6 1/2-1/2

[Event "39th olm final"]
[Site "Khanty-Mansiysk"]
[Date "2010.09.23"]
[Round "3.3"]
[White "Hillarp Persson, Tiger"]
[Black "Antonsen, Mikkel"]
[Result "1/2-1/2"]
[WhiteElo "2517"]
[BlackElo "2471"]
[EventDate "2010.09.20"]
[WhiteTeam "Sweden"]
[BlackTeam "Denmark"]
[PlyCount "79"]

1.d4 Nf6 2.c4 g6 3.Nc3 d5 4.Bf4 Bg7 5.e3 O-O 6.Rc1 c6 7.h3 Be6 8.Qb3 Qb6
9.c5 Qxb3 10.axb3 Nbd7 11.b4 a6 12.Bd3 Bf5 13.Bxf5 gxf5 14.Nge2 Rfe8 15.
O-O e6 16.Rfd1 h5 17.f3 Kh7 18.Kf2 Rg8 19.Rh1 Kg6 20.h4 Kh7 21.Ra1 Rae8
22.Nc1 e5 23.dxe5 Nxe5 24.N3e2 Nfd7 25.Nd4 Ng6 26.Nd3 Bxd4 27.exd4 Re6 28.
Bd6 Rge8 29.Rae1 Rxe1 30.Nxe1 Ndf8 31.g3 Ne6 32.Nc2 Kg7 33.Rd1 f4 34.Na1
fxg3+ 35.Kxg3 Kf6 36.Nb3 Rg8 37.Kf2 Ngf4 38.Bxf4 Nxf4 39.Na5 Kf5 40.Rd2
1/2-1/2

[Event "39th olm final"]
[Site "Khanty-Mansiysk"]
[Date "2010.09.23"]
[Round "3.4"]
[White "Mikkelsen, Nikolaj"]
[Black "Grandelius, Nils"]
[Result "0-1"]
[WhiteElo "2432"]
[BlackElo "2500"]
[EventDate "2010.09.20"]
[WhiteTeam "Denmark"]
[BlackTeam "Sweden"]
[PlyCount "92"]

1.e4 c5 2.Nf3 e6 3.d4 cxd4 4.Nxd4 a6 5.Nc3 b5 6.Bd3 Qb6 7.Nb3 Qc7 8.O-O
Bb7 9.Qe2 Nc6 10.f4 d6 11.a4 b4 12.Nb1 Nf6 13.N1d2 Be7 14.Nc4 d5 15.exd5
exd5 16.Ne5 O-O 17.Nxc6 Bxc6 18.Be3 Rfe8 19.Bd4 a5 20.Qe5 Qd8 21.Rf3 Bc5
22.Qg5 Bxd4+ 23.Nxd4 Qb6 24.c3 bxc3 25.bxc3 h6 26.Qg3 Bd7 27.Rff1 Rac8 28.
Kh1 Qb2 29.Rac1 Qa3 30.Bf5 Ne4 31.Bxe4 Rxe4 32.Nb5 Qc5 33.f5 Rxa4 34.Nd6
Rc6 35.Nb7 Qe7 36.f6 Rxf6 37.Rxf6 Qxf6 38.Nc5 Rf4 39.Qd3 Qf5 40.Qa6 a4 41.
Kg1 Qe5 42.Qd3 Bf5 43.Qg3 Qc7 44.Kh1 a3 45.c4 a2 46.cxd5 Rc4 0-1

[Event "39th olm final"]
[Site "Khanty-Mansiysk"]
[Date "2010.09.24"]
[Round "4.1"]
[White "Hansen, Sune Berg"]
[Black "Mehmeti, Dritan"]
[Result "1-0"]
[WhiteElo "2595"]
[BlackElo "2415"]
[EventDate "2010.09.20"]
[WhiteTeam "Denmark"]
[BlackTeam "Albania"]
[PlyCount "81"]

1.d4 c5 2.d5 e5 3.e4 d6 4.c4 Be7 5.Nf3 Bg4 6.Nbd2 Nf6 7.Bd3 Na6 8.a3 O-O
9.h3 Bd7 10.Rb1 Rb8 11.Nf1 b5 12.Ng3 bxc4 13.Bxc4 Nc7 14.O-O Nb5 15.Bd2 a5
16.a4 Nd4 17.Nxd4 cxd4 18.b3 Qb6 19.Kh2 Rfc8 20.Qe2 Rc5 21.Rfc1 g6 22.Qe1
Rbc8 23.f3 h5 24.Nh1 Nh7 25.Nf2 Bg5 26.Bxg5 Nxg5 27.Nd3 R5c7 28.Qg3 Nh7
29.f4 exf4 30.Nxf4 Re8 31.Rf1 Kh8 32.Bd3 Re5 33.Ne2 Be8 34.Qf2 Ng5 35.Nxd4
Rc3 36.Rbd1 Kg8 37.Bb1 Nxe4 38.Bxe4 Rxe4 39.Qf6 Rce3 40.Ne6 fxe6 41.Qe7
1-0

[Event "39th olm final"]
[Site "Khanty-Mansiysk"]
[Date "2010.09.24"]
[Round "4.2"]
[White "Seitaj, Ilir"]
[Black "Glud, Jakob Vang"]
[Result "1/2-1/2"]
[WhiteElo "2390"]
[BlackElo "2479"]
[EventDate "2010.09.20"]
[WhiteTeam "Albania"]
[BlackTeam "Denmark"]
[PlyCount "87"]

1.e4 e5 2.Nf3 Nc6 3.Nc3 Nf6 4.Bb5 Nd4 5.Ba4 Bc5 6.d3 O-O 7.O-O d6 8.Nxd4
Bxd4 9.Ne2 Bb6 10.h3 h6 11.Ng3 c6 12.Bb3 Be6 13.Qf3 Re8 14.Be3 d5 15.Bxb6
Qxb6 16.exd5 Bxd5 17.Qe3 Qc7 18.Rfe1 Qd7 19.Rad1 Bxb3 20.axb3 Nd5 21.Qe4
Re6 22.d4 Nf6 23.Qd3 Rae8 24.dxe5 Qxd3 25.Rxd3 Rxe5 26.Rxe5 Rxe5 27.Kf1 g6
28.Rd8+ Kg7 29.Rb8 b6 30.b4 c5 31.bxc5 Rxc5 32.c3 Ra5 33.Rd8 h5 34.f3 Nd5
35.Ne4 Ne3+ 36.Kf2 Nc4 37.b3 Ra2+ 38.Kg1 Ne3 39.g4 hxg4 40.hxg4 f5 41.Rd7+
Kf8 42.Nf6 fxg4 43.fxg4 g5 44.Nh7+ 1/2-1/2

[Event "39th olm final"]
[Site "Khanty-Mansiysk"]
[Date "2010.09.24"]
[Round "4.3"]
[White "Antonsen, Mikkel"]
[Black "Rama, Lorenc"]
[Result "1-0"]
[WhiteElo "2471"]
[BlackElo "2276"]
[EventDate "2010.09.20"]
[WhiteTeam "Denmark"]
[BlackTeam "Albania"]
[PlyCount "119"]

1.d4 Nf6 2.c4 e6 3.Nc3 Bb4 4.Qc2 c5 5.dxc5 O-O 6.a3 Bxc5 7.Nf3 b6 8.Bf4
Bb7 9.Rd1 Nc6 10.e3 Rc8 11.Be2 Be7 12.Nd2 d5 13.O-O e5 14.Bg3 dxc4 15.Nxc4
Qc7 16.f4 Nd4 17.exd4 exd4 18.Rxd4 Bc5 19.Bf2 Bxd4 20.Bxd4 Qc6 21.Ne3 Qd6
22.Nf5 Qe6 23.Bf3 Bxf3 24.Bxf6 Qxf6 25.Rxf3 g6 26.Ne3 Rfe8 27.Qf2 Qd4 28.
h3 f5 29.Ned5 Qxf2+ 30.Kxf2 Kf7 31.g4 fxg4 32.hxg4 Rc5 33.Rh3 Kg7 34.f5
gxf5 35.gxf5 Rd8 36.Rd3 b5 37.Ke2 a6 38.Kd2 Kf7 39.Ke3 Re8+ 40.Kf3 Rd8 41.
Kf4 a5 42.Rh3 Rdxd5 43.Nxd5 Rxd5 44.Rxh7+ Kf6 45.Rh6+ Kf7 46.Rb6 b4 47.
axb4 axb4 48.Rxb4 Rd2 49.Rb6 Re2 50.b4 Re1 51.b5 Re8 52.Rc6 Re2 53.b6 Re1
54.Re6 Rb1 55.Ke4 Rb5 56.Rc6 Ke8 57.f6 Kf7 58.Kd4 Rh5 59.Kc4 Rg5 60.b7 1-0

[Event "39th olm final"]
[Site "Khanty-Mansiysk"]
[Date "2010.09.24"]
[Round "4.4"]
[White "Boshku, Harallamb"]
[Black "Mikkelsen, Nikolaj"]
[Result "1-0"]
[WhiteElo "2314"]
[BlackElo "2432"]
[EventDate "2010.09.20"]
[WhiteTeam "Albania"]
[BlackTeam "Denmark"]
[PlyCount "125"]

1.Nf3 g6 2.c4 Bg7 3.Nc3 e5 4.d4 exd4 5.Nxd4 Nc6 6.Nxc6 bxc6 7.g3 Ne7 8.Bg2
Nf5 9.Bd2 Rb8 10.b3 O-O 11.O-O c5 12.Rc1 Qf6 13.e3 Qa6 14.Qc2 Bb7 15.Bxb7
Qxb7 16.Nd5 c6 17.Nf4 d5 18.cxd5 cxd5 19.Qxc5 d4 20.Qc6 Qe7 21.e4 Nd6 22.
Nd5 Qe6 23.Bf4 Rfd8 24.Bxd6 Rxd6 25.Qc7 Rbd8 26.Ne7+ Kf8 27.Nc6 Re8 28.e5
Bxe5 29.f4 Bf6 30.Ne5 Bxe5 31.fxe5 Rd7 32.Qc5+ Kg8 33.Rcd1 Qxe5 34.Qxe5
Rxe5 35.Rf4 d3 36.Rd2 h5 37.Rf3 Red5 38.Rf4 Kg7 39.Kf2 g5 40.Re4 f6 41.Re3
Kf7 42.a3 Rd4 43.b4 R7d5 44.Kf1 f5 45.Kf2 f4 46.gxf4 gxf4 47.Rh3 Ke6 48.
Ke1 Kd6 49.Rf2 Rc4 50.Rd2 Re4+ 51.Kf2 Red4 52.Ke1 Kc6 53.Rf3 Kb5 54.Rdf2
Rf5 55.Kd2 Kc4 56.Rf1 Kb3 57.Rb1+ Ka2 58.Rff1 Rd7 59.Kc3 Rc7+ 60.Kxd3 Kxa3
61.Ra1+ Kxb4 62.Rfb1+ Kc5 63.Ra5+ 1-0

[Event "39th olm final"]
[Site "Khanty-Mansiysk"]
[Date "2010.09.25"]
[Round "5.4"]
[White "Antonsen, Mikkel"]
[Black "Noritsyn, Nikolay"]
[Result "0-1"]
[WhiteElo "2471"]
[BlackElo "2414"]
[EventDate "2010.09.20"]
[WhiteTeam "Denmark"]
[BlackTeam "Canada"]
[PlyCount "105"]

1.d4 e6 2.c4 b6 3.a3 Bb7 4.Nc3 d6 5.e4 Nd7 6.Nf3 g6 7.Be2 Bg7 8.O-O h6 9.
Re1 Ne7 10.Bf1 g5 11.d5 Bxc3 12.bxc3 e5 13.Be3 Ng6 14.Nd2 Qe7 15.Rb1 Nc5
16.Be2 Nf4 17.Bxc5 dxc5 18.Nf1 h5 19.Qa4+ Qd7 20.Qxd7+ Kxd7 21.Bd1 Kd6 22.
g3 Ng6 23.Ne3 Bc8 24.Ba4 Ne7 25.f4 gxf4 26.gxf4 Rg8+ 27.Kh1 Ng6 28.f5 Nf4
29.Rg1 Bd7 30.Bxd7 Kxd7 31.Rxg8 Rxg8 32.Rb2 Ke7 33.Rd2 Kd7 34.Rf2 Nh3 35.
Rg2 Rxg2 36.Kxg2 Ng5 37.Kg3 Nxe4+ 38.Kh4 Ke7 39.Kxh5 Kf6 40.h4 Nxc3 41.Kg4
Ne4 42.h5 Kg7 43.Kh4 Nd6 44.a4 a6 45.Ng4 Nxc4 46.h6+ Kh8 47.Nf6 Nd6 48.Kg4
c4 49.Kf3 b5 50.axb5 axb5 51.Ke2 e4 52.Kd2 b4 53.Ke1 0-1

[Event "39th olm final"]
[Site "Khanty-Mansiysk"]
[Date "2010.09.27"]
[Round "6.1"]
[White "Hansen, Sune Berg"]
[Black "Meshkov, Yury"]
[Result "1-0"]
[WhiteElo "2595"]
[BlackElo "2419"]
[EventDate "2010.09.20"]
[WhiteTeam "Denmark"]
[BlackTeam "IBCA"]
[PlyCount "133"]

1.e4 e5 2.Nf3 Nc6 3.Bb5 a6 4.Ba4 Nf6 5.d3 d6 6.c3 g6 7.Nbd2 Bg7 8.Nf1 O-O
9.Ng3 b5 10.Bc2 a5 11.O-O h6 12.h3 d5 13.Be3 d4 14.Bd2 Ra6 15.a4 b4 16.
cxd4 Nxd4 17.Nxd4 Qxd4 18.Be3 Qd6 19.Bb3 Be6 20.Rc1 Rc8 21.Bc4 Rc6 22.Bb5
Rxc1 23.Qxc1 h5 24.Qc2 c5 25.Rc1 Bf8 26.Nf1 Nd7 27.Nd2 Nb6 28.Qd1 Be7 29.
Nb3 Bxb3 30.Qxb3 Bf8 31.Qd1 Kh7 32.Qd2 Bg7 33.f3 Bf8 34.Qf2 Kg7 35.f4 exf4
36.Bxf4 Qe6 37.Be3 Kg8 38.Bxc5 Nd7 39.Be3 Rxc1+ 40.Bxc1 Nc5 41.Be3 Qd6 42.
e5 Qc7 43.d4 Nd7 44.Qf3 Nb6 45.Qc6 Qd8 46.Bf2 Nd5 47.Bc4 Nf4 48.h4 Bg7 49.
Kh2 g5 50.g3 Ne6 51.Bxe6 fxe6 52.Qxe6+ Kh8 53.Qf7 gxh4 54.Qxh5+ Kg8 55.
Qxh4 Qe8 56.Qe4 Qxa4 57.e6 Qe8 58.d5 Bxb2 59.d6 Bf6 60.Qg4+ Kh7 61.d7 Qg6
62.Qxg6+ Kxg6 63.Bc5 b3 64.e7 Bxe7 65.Bxe7 b2 66.d8=Q b1=Q 67.Qg8+ 1-0

[Event "39th olm final"]
[Site "Khanty-Mansiysk"]
[Date "2010.09.27"]
[Round "6.2"]
[White "Krylov, Sergei"]
[Black "Rasmussen, Allan Stig"]
[Result "0-1"]
[WhiteElo "2359"]
[BlackElo "2530"]
[EventDate "2010.09.20"]
[WhiteTeam "IBCA"]
[BlackTeam "Denmark"]
[PlyCount "146"]

1.e4 c6 2.d4 d5 3.e5 Bf5 4.Nf3 e6 5.Be2 Nd7 6.O-O h6 7.Be3 Ne7 8.Nbd2 Bh7
9.Nb3 Nf5 10.Bd2 Be7 11.g4 Nh4 12.Nxh4 Bxh4 13.f4 f5 14.Bd3 O-O 15.Kh1 Be7
16.Rg1 Qe8 17.Qe2 c5 18.dxc5 Nxc5 19.Nxc5 Bxc5 20.Rg2 fxg4 21.Qxg4 Qf7 22.
Rf1 Qd7 23.Bxh7+ Kxh7 24.f5 exf5 25.Qg6+ Kh8 26.e6 Qe7 27.b4 Bb6 28.c4 Rf6
29.Qh5 Qxe6 30.c5 Bc7 31.Bc3 d4 32.Bxd4 Rf7 33.Rfg1 Rg8 34.Bc3 Bf4 35.Re1
Qc4 36.Qf3 Rd7 37.Rf1 Rd3 38.Qxf4 Rxc3 39.Qxc4 Rxc4 40.Rxf5 Rxb4 41.Rf7 a5
42.a3 Rb3 43.Rg3 Rxg3 44.hxg3 Rc8 45.Rxb7 Rxc5 46.Ra7 Rc3 47.Kg2 Rxa3 48.
Kh2 Kh7 49.Ra6 h5 50.Kg2 g6 51.Rc6 Rb3 52.Rc5 a4 53.Ra5 Rb4 54.Kf3 Rg4 55.
Rb5 Kg7 56.Rb6 Kf7 57.Ra6 Ke7 58.Rc6 Kd7 59.Rc1 Kd6 60.Rc8 Kd5 61.Rc7 Kd4
62.Rc8 Kd5 63.Rc7 Kd6 64.Rc8 Kd7 65.Rc5 Rb4 66.Rg5 Rb6 67.Ra5 Rb3+ 68.Kg2
Rb4 69.Ra6 Rg4 70.Kh3 Kc7 71.Ra5 Kb6 72.Ra8 Kb5 73.Rb8+ Kc4 0-1

[Event "39th olm final"]
[Site "Khanty-Mansiysk"]
[Date "2010.09.27"]
[Round "6.3"]
[White "Glud, Jakob Vang"]
[Black "Mueller, Oliver"]
[Result "1-0"]
[WhiteElo "2479"]
[BlackElo "2311"]
[EventDate "2010.09.20"]
[WhiteTeam "Denmark"]
[BlackTeam "IBCA"]
[PlyCount "103"]

1.c4 e5 2.g3 Nf6 3.Bg2 d5 4.cxd5 Nxd5 5.Nf3 Nc6 6.O-O Be7 7.d4 exd4 8.Nxd4
Nxd4 9.Qxd4 Nf6 10.Qa4+ Qd7 11.Qc2 c6 12.Rd1 Qe6 13.Nc3 O-O 14.h3 Qe5 15.
Bf4 Qa5 16.a3 Be6 17.b4 Qh5 18.g4 Qg6 19.Qxg6 hxg6 20.b5 Rad8 21.bxc6 bxc6
22.Bxc6 Rxd1+ 23.Nxd1 Rc8 24.Bf3 Nd5 25.Be5 Bc5 26.e3 f6 27.Bb2 Nb6 28.a4
Nc4 29.Bc3 Rb8 30.a5 a6 31.Be2 Bb4 32.Ra4 Bxc3 33.Nxc3 Rc8 34.Ne4 Rc6 35.
Bf3 Ne5 36.Bg2 Rc1+ 37.Kh2 Bd7 38.Rd4 Rc2 39.Kg3 Bb5 40.Nd6 Bc6 41.Bxc6
Rxc6 42.f4 Nd7 43.Kf3 Kf8 44.Ne4 Ke7 45.Rb4 Rc1 46.Rb7 f5 47.Nd2 Rc2 48.
Nb3 Kd8 49.Nd4 Ra2 50.gxf5 gxf5 51.Ne6+ Ke7 52.Nc5 1-0

[Event "39th olm final"]
[Site "Khanty-Mansiysk"]
[Date "2010.09.27"]
[Round "6.4"]
[White "Vassin, Sergei"]
[Black "Mikkelsen, Nikolaj"]
[Result "1/2-1/2"]
[WhiteElo "2295"]
[BlackElo "2432"]
[EventDate "2010.09.20"]
[WhiteTeam "IBCA"]
[BlackTeam "Denmark"]
[PlyCount "103"]

1.d4 Nf6 2.c4 g6 3.g3 Bg7 4.Bg2 d5 5.cxd5 Nxd5 6.Nf3 Nb6 7.O-O Nc6 8.e3
O-O 9.Nc3 Re8 10.b3 e5 11.Nxe5 Nxe5 12.dxe5 Bxe5 13.Qxd8 Rxd8 14.Bb2 Rd2
15.f4 Bg7 16.Rab1 Be6 17.Rf2 Rad8 18.Ne4 Rd1+ 19.Rf1 Rxb1 20.Rxb1 Bf5 21.
Bxg7 Kxg7 22.Rb2 Re8 23.Nc5 Rxe3 24.Bxb7 Rc3 25.Ne4 Rc1+ 26.Kf2 c6 27.Nd6
Bh3 28.Ke3 Be6 29.Kd2 Rh1 30.Kd3 Nd5 31.a3 Ne7 32.Nc4 Bd5 33.Ne3 Be6 34.a4
h5 35.b4 Ra1 36.a5 h4 37.gxh4 Ra3+ 38.Kd4 Bf5 39.Re2 Bd3 40.Rd2 Bb5 41.Ke4
Rb3 42.h5 Rxb4+ 43.Rd4 f5+ 44.Ke5 Rb3 45.Nd1 Kf7 46.hxg6+ Nxg6+ 47.Kd6 Ne7
48.Kc7 Ra3 49.Rd7 Ke6 50.Rd6+ Kf7 51.Rd7 Ke6 52.Rd6+ 1/2-1/2

[Event "39th olm final"]
[Site "Khanty-Mansiysk"]
[Date "2010.09.28"]
[Round "7.1"]
[White "De la Riva Aguado, Oscar"]
[Black "Hansen, Sune Berg"]
[Result "1/2-1/2"]
[WhiteElo "2521"]
[BlackElo "2595"]
[EventDate "2010.09.20"]
[WhiteTeam "Andorra"]
[BlackTeam "Denmark"]
[PlyCount "37"]

1.e4 e5 2.Nf3 Nc6 3.Nc3 Nf6 4.g3 d5 5.exd5 Nxd5 6.Bg2 Nxc3 7.bxc3 Bc5 8.
O-O O-O 9.Re1 Qf6 10.d3 Bg4 11.h3 Bd7 12.Be3 Bd6 13.d4 exd4 14.cxd4 h6 15.
Rb1 b6 16.c4 Rad8 17.c5 bxc5 18.dxc5 Be7 19.Qe2 1/2-1/2

[Event "39th olm final"]
[Site "Khanty-Mansiysk"]
[Date "2010.09.28"]
[Round "7.2"]
[White "Glud, Jakob Vang"]
[Black "Simonet Pons, Marc"]
[Result "1-0"]
[WhiteElo "2479"]
[BlackElo "2277"]
[EventDate "2010.09.20"]
[WhiteTeam "Denmark"]
[BlackTeam "Andorra"]
[PlyCount "55"]

1.d4 d5 2.Nf3 Nf6 3.c4 c6 4.Nc3 a6 5.cxd5 cxd5 6.Bf4 Nc6 7.Rc1 Ne4 8.Ne5
Nxc3 9.Rxc3 Bd7 10.Qb3 Nxe5 11.Bxe5 Bc6 12.e3 e6 13.Bd3 Bd6 14.Bxd6 Qxd6
15.O-O O-O 16.Rfc1 e5 17.Qb6 Qf6 18.dxe5 Qxe5 19.Rd1 Rfd8 20.Bxa6 Qe7 21.
Bxb7 Bxb7 22.Rc7 Qe6 23.Rxb7 Qxb6 24.Rxb6 Rxa2 25.g3 g6 26.Rd4 Kf8 27.e4
Ra5 28.b4 1-0

[Event "39th olm final"]
[Site "Khanty-Mansiysk"]
[Date "2010.09.28"]
[Round "7.3"]
[White "Jose Queralto, Daniel"]
[Black "Antonsen, Mikkel"]
[Result "1/2-1/2"]
[WhiteElo "2105"]
[BlackElo "2471"]
[EventDate "2010.09.20"]
[WhiteTeam "Andorra"]
[BlackTeam "Denmark"]
[PlyCount "130"]

1.e4 e6 2.d4 d5 3.Bd3 dxe4 4.Bxe4 Nf6 5.Bf3 c5 6.Ne2 cxd4 7.Qxd4 Nbd7 8.
Be3 Bc5 9.Qc3 Qb6 10.Bxc5 Qxc5 11.Qxc5 Nxc5 12.Nbc3 Bd7 13.O-O-O a5 14.Ng3
Rb8 15.Nge4 Nfxe4 16.Nxe4 Nxe4 17.Bxe4 Ke7 18.Rd4 Rhc8 19.Rhd1 Be8 20.f4
Rc5 21.R1d3 b6 22.Rg3 Kf6 23.Kd2 h6 24.Rc3 g5 25.g3 Rxc3 26.Kxc3 Rc8+ 27.
Kd2 Rc5 28.h3 Ke7 29.a3 gxf4 30.gxf4 Bd7 31.b4 Rh5 32.Bg2 e5 33.fxe5 Rxe5
34.c4 Rg5 35.Re4+ Be6 36.Bf1 h5 37.bxa5 Rxa5 38.Re3 Kd6 39.Kc2 h4 40.Kb3
Rg5 41.Re4 Kc5 42.Kc3 Rg3+ 43.Kd2 Bxh3 44.Be2 Rxa3 45.Rxh4 Be6 46.Bd3 Kb4
47.Rf4 Ra2+ 48.Ke3 Kc3 49.Rf1 Rh2 50.Rc1+ Kb4 51.Rb1+ Kc5 52.Rb5+ Kc6 53.
Be4+ Kc7 54.c5 bxc5 55.Rxc5+ Kd6 56.Rc6+ Ke5 57.Rc5+ Kf6 58.Rc2 Rh4 59.Rc5
Rh3+ 60.Kf4 Rb3 61.Bc2 Rb4+ 62.Kg3 Ke7 63.Bf5 Bb3 64.Bd3 Kd6 65.Rb5 Rxb5
1/2-1/2

[Event "39th olm final"]
[Site "Khanty-Mansiysk"]
[Date "2010.09.28"]
[Round "7.4"]
[White "Mikkelsen, Nikolaj"]
[Black "Santamaria Mas, Vicens"]
[Result "1/2-1/2"]
[WhiteElo "2432"]
[BlackElo "2085"]
[EventDate "2010.09.20"]
[WhiteTeam "Denmark"]
[BlackTeam "Andorra"]
[PlyCount "53"]

1.e4 d6 2.d4 Nf6 3.Nc3 g6 4.Be3 c6 5.Qd2 b5 6.Bd3 Nbd7 7.Nf3 e5 8.dxe5
dxe5 9.h3 Bb7 10.Ne2 Qe7 11.Ng3 Bg7 12.O-O Nc5 13.b4 Nxd3 14.cxd3 Nd7 15.
Qc3 O-O 16.Rac1 Rfd8 17.Rfd1 Bf8 18.Rb1 h6 19.Nd2 a5 20.bxa5 b4 21.Qc1
Rxa5 22.Nc4 Rxa2 23.Bxh6 Ba6 24.Bxf8 Nxf8 25.h4 Bxc4 26.Qxc4 Qa7 27.Rf1
1/2-1/2

[Event "39th olm final"]
[Site "Khanty-Mansiysk"]
[Date "2010.09.29"]
[Round "8.2"]
[White "Vocaturo, Daniele"]
[Black "Rasmussen, Allan Stig"]
[Result "1-0"]
[WhiteElo "2581"]
[BlackElo "2530"]
[EventDate "2010.09.20"]
[WhiteTeam "Italy"]
[BlackTeam "Denmark"]
[PlyCount "81"]

1.e4 c6 2.d4 d5 3.exd5 cxd5 4.c4 Nf6 5.Nc3 e6 6.Nf3 Be7 7.cxd5 Nxd5 8.Bd3
Nc6 9.O-O O-O 10.Re1 Nf6 11.a3 b6 12.Bg5 Bb7 13.Bc2 Rc8 14.Qd3 g6 15.Rad1
Nd5 16.h4 Rc7 17.Nxd5 exd5 18.Ba4 f6 19.Bd2 Bd6 20.h5 g5 21.Bc2 Bc8 22.Bc3
Rff7 23.Re3 Rce7 24.Bb3 Bf4 25.Rxe7 Nxe7 26.Re1 Kg7 27.Ne5 fxe5 28.dxe5
Be6 29.g3 Kh6 30.gxf4 Rxf4 31.Bd2 Rg4+ 32.Kf1 Qf8 33.Bd1 Rh4 34.Qg3 Rf4
35.Bxf4 gxf4 36.Qh4 Ng8 37.Bg4 Bf5 38.Bxf5 Qxf5 39.e6 Qd3+ 40.Kg1 Qd2 41.
Re5 1-0

[Event "39th olm final"]
[Site "Khanty-Mansiysk"]
[Date "2010.09.29"]
[Round "8.3"]
[White "Glud, Jakob Vang"]
[Black "Brunello, Sabino"]
[Result "0-1"]
[WhiteElo "2479"]
[BlackElo "2497"]
[EventDate "2010.09.20"]
[WhiteTeam "Denmark"]
[BlackTeam "Italy"]
[PlyCount "92"]

1.c4 e5 2.g3 Nc6 3.Bg2 Nf6 4.Nf3 Bc5 5.Nc3 d6 6.O-O a6 7.d3 h6 8.a3 O-O 9.
b4 Ba7 10.Nd2 Ne7 11.Bb2 c6 12.Rc1 Be6 13.Na4 Ng6 14.e3 Qd7 15.Ne4 Ne8 16.
c5 d5 17.Nec3 Nf6 18.Nb6 Bxb6 19.cxb6 Rae8 20.Na4 Qd8 21.h3 Bc8 22.e4 Nd7
23.exd5 cxd5 24.Qb3 d4 25.Qd5 Re6 26.Rxc8 Qxc8 27.Rc1 Qd8 28.Qxb7 Nxb6 29.
Nc5 Rd6 30.Qxa6 Qb8 31.Qb5 Qa7 32.Nb7 Rf6 33.Na5 Nc8 34.a4 Nd6 35.Qd5 Qd7
36.Nc4 Qf5 37.Rf1 Nxc4 38.Qxc4 Rc8 39.Qb3 Nf8 40.a5 Ne6 41.a6 Ng5 42.a7
Ra6 43.f4 exf4 44.gxf4 Nxh3+ 45.Kh2 Nxf4 46.Bxd4 Qh5+ 0-1

[Event "39th olm final"]
[Site "Khanty-Mansiysk"]
[Date "2010.09.29"]
[Round "8.4"]
[White "Rombaldoni, Denis"]
[Black "Antonsen, Mikkel"]
[Result "1-0"]
[WhiteElo "2501"]
[BlackElo "2471"]
[EventDate "2010.09.20"]
[WhiteTeam "Italy"]
[BlackTeam "Denmark"]
[PlyCount "105"]

1.d4 Nf6 2.c4 g6 3.Nc3 d5 4.cxd5 Nxd5 5.Na4 e5 6.dxe5 Bb4+ 7.Bd2 Ne3 8.
fxe3 Bxd2+ 9.Qxd2 Qh4+ 10.g3 Qxa4 11.Bg2 O-O 12.Nf3 Qd7 13.Qc3 Qe7 14.O-O
Nc6 15.Rac1 Rb8 16.h3 Bd7 17.Rfd1 Rfe8 18.Rd5 a5 19.Rc5 Nb4 20.Rxa5 Bc6
21.Qc4 Rbd8 22.a3 Nd5 23.Qb3 Nb6 24.Nd4 Bxg2 25.Kxg2 Qd7 26.Nf3 Nd5 27.e4
Nb6 28.Qe3 Kg7 29.Qc3 Qe6 30.Ng5 Qe7 31.e6+ f6 32.Qxc7 Rc8 33.Qxe7+ Rxe7
34.Rxc8 Nxc8 35.Nf3 Rxe6 36.Rc5 Nd6 37.e5 fxe5 38.Rxe5 Kf6 39.Rxe6+ Kxe6
40.Nd2 Kd5 41.e3 g5 42.Kf3 h5 43.g4 h4 44.Ke2 Ke6 45.Kd3 Kd5 46.a4 Nf7 47.
Nf3 Kc5 48.e4 Kb4 49.e5 Kxa4 50.e6 Nd6 51.Nxg5 Kb3 52.Ne4 Ne8 53.g5 1-0

[Event "39th olm final"]
[Site "Khanty-Mansiysk"]
[Date "2010.09.30"]
[Round "9.1"]
[White "Collins, Sam"]
[Black "Hansen, Sune Berg"]
[Result "0-1"]
[WhiteElo "2431"]
[BlackElo "2595"]
[EventDate "2010.09.20"]
[WhiteTeam "Ireland"]
[BlackTeam "Denmark"]
[PlyCount "108"]

1.e4 e5 2.Nf3 Nc6 3.Bb5 a6 4.Ba4 Nf6 5.O-O Be7 6.Re1 b5 7.Bb3 O-O 8.d3 d6
9.c3 Na5 10.Bc2 c5 11.Nbd2 Nd7 12.a4 Nb6 13.axb5 axb5 14.h3 Bd7 15.Nf1 Qc7
16.Ne3 Bf6 17.Bd2 Nc6 18.Ng4 Be7 19.Rxa8 Rxa8 20.Ng5 Rf8 21.f4 Qd8 22.Nf3
Bxg4 23.hxg4 exf4 24.Bxf4 Qd7 25.g5 Nd8 26.d4 Ne6 27.Bc1 g6 28.Qe2 Ra8 29.
Bd3 c4 30.Bc2 Qd8 31.d5 Nxg5 32.Nd4 Nd7 33.Nxb5 Qb6+ 34.Nd4 Ne5 35.Kh1 Ra1
36.b4 cxb3 37.Bxb3 h5 38.Bd2 Rxe1+ 39.Bxe1 Ng4 40.Bc2 Bf6 41.Nf3 Qb2 42.
Qd2 Qa1 43.Nxg5 Bxg5 44.Qd1 Qa7 45.Qd4 Qa6 46.Qd3 Qa2 47.Bd1 Qa1 48.Qe2
Ne3 49.Bb3 Qb1 50.Ba2 Qxe4 51.Bd2 Qh4+ 52.Kg1 Ng4 53.Qe8+ Kg7 54.Bxg5 Qf2+
0-1

[Event "39th olm final"]
[Site "Khanty-Mansiysk"]
[Date "2010.09.30"]
[Round "9.2"]
[White "Rasmussen, Allan Stig"]
[Black "Astaneh Lopez, Alex"]
[Result "1-0"]
[WhiteElo "2530"]
[BlackElo "2393"]
[EventDate "2010.09.20"]
[WhiteTeam "Denmark"]
[BlackTeam "Ireland"]
[PlyCount "55"]

1.Nf3 d5 2.d4 c6 3.c4 Nf6 4.e3 e6 5.b3 Bd6 6.Bd3 O-O 7.O-O Nbd7 8.Bb2 Ne4
9.Qc2 f5 10.Ba3 Bxa3 11.Nxa3 Rf6 12.Ne5 Qe7 13.Qb2 Rh6 14.g3 Nxe5 15.dxe5
b6 16.Rac1 Bb7 17.f4 Nc5 18.Bc2 Rd8 19.Rfd1 Qe8 20.Rd2 Rh3 21.cxd5 cxd5
22.b4 d4 23.bxc5 Qc6 24.e4 bxc5 25.Nc4 d3 26.Rxd3 Rxd3 27.Bxd3 fxe4 28.Bf1
1-0

[Event "39th olm final"]
[Site "Khanty-Mansiysk"]
[Date "2010.09.30"]
[Round "9.4"]
[White "Antonsen, Mikkel"]
[Black "Fitzsimons, David"]
[Result "1/2-1/2"]
[WhiteElo "2471"]
[BlackElo "2229"]
[EventDate "2010.09.20"]
[WhiteTeam "Denmark"]
[BlackTeam "Ireland"]
[PlyCount "65"]

1.d4 Nf6 2.c4 c5 3.d5 b5 4.cxb5 a6 5.bxa6 g6 6.Nc3 Bxa6 7.g3 Bg7 8.Bg2 d6
9.Nf3 Nbd7 10.Rb1 Nb6 11.b3 Bc8 12.Nh4 h6 13.Qc2 Qd7 14.Bb2 g5 15.Nf3 Bb7
16.e4 Ba6 17.h4 g4 18.Ng1 e6 19.dxe6 Qxe6 20.Nge2 O-O 21.O-O Bxe2 22.Qxe2
Nfd7 23.Rfd1 Ne5 24.Nb5 Rxa2 25.Qe3 Nbc4 26.bxc4 Nxc4 27.Qe2 Rb8 28.Bf1
Rxb5 29.Qxc4 Rbxb2 30.Qxe6 fxe6 31.Bc4 Rxb1 32.Rxb1 Rd2 33.Bxe6+ 1/2-1/2